|
|
|
|
| LEADER |
00000nab a2200000uu 4500 |
| 001 |
vtls010898139 |
| 003 |
SK-MaSNL |
| 005 |
20260304013349.0 |
| 008 |
230222|2006 xo |||||||||||||||||eng| |
| 015 |
|
|
|a SNBRB
|
| 035 |
|
|
|a (urnnbn)urn:nbn:sk:snk:ar-006o9d
|
| 035 |
|
|
|a (uuid)e308693f-0efa-4a1f-a7d0-f3feadbe47db
|
| 035 |
|
|
|a urn:nbn:sk:snk-ab8qeh
|
| 040 |
|
|
|a SNKBUCL
|b slo
|c SNKBUCL
|e AACR2
|
| 041 |
0 |
|
|a eng
|
| 044 |
|
|
|a xo
|c SK
|
| 100 |
1 |
|
|a Sommer, Alexander,
|d 1936-2006
|4 aut
|9 218774
|
| 245 |
1 |
0 |
|a Origin of starch and its effect on fermentation in the rumen and amino acids passage to the intestinum of cows
|c A. Sommer, M. Chrenková, M. Poláčiková, P. Fľak, Z. Čerešňáková
|
| 700 |
1 |
|
|a Chrenková, M.
|4 aut
|9 822551
|
| 700 |
1 |
|
|a Poláčiková, M.
|4 aut
|9 816295
|
| 700 |
1 |
|
|a Fľak, Pavel
|4 aut
|9 5306
|
| 700 |
1 |
|
|a Čerešňáková, Zuzana
|4 aut
|9 6251
|
| 773 |
0 |
|
|t Slovak journal of animal science
|g Roč. 39, č. 1-2 (2006), s. 10-15
|
| 958 |
|
|
|a OND
|
| 958 |
|
|
|a EUIPO
|
| 958 |
|
|
|a article10
|
| 999 |
|
|
|c 2575489
|d 2577419
|